| 000 | 00599nam a2200133Ia 4500 | ||
|---|---|---|---|
| 008 | 100328s9999 xx 000 0 und d | ||
| 082 | _b67753 | ||
| 100 | _aवकील सुप्रिया-अनु. (मूळ लेखक-चेतन भगत). | ||
| 245 | _aफाईव्ह पॉइंट समवन (Five Point Someone). | ||
| 260 | _bमेहता पब्लिशिंग हाऊस. | ||
| 630 | _aफाईव्ह पॉइंट समवन (Five Point Someone). | ||
| 730 | _aफाईव्ह पॉइंट समवन (Five Point Someone). | ||
| 942 | _cBOOK | ||
| 999 |
_c553492 _d553489 |
||